North American Capital in Alphabetical Order - Statistics

General Stats
  • This quiz has been taken 78 times
  • The average score is 18 of 23
Answers on the Map
Answers color-coded by a green-red scale on the quiz's map according to % correct below.
 
Answer Stats
Answer % Correct
Belmopan
95%
Bridgetown
95%
Guatemala City
86%
Havana
86%
Basseterre
82%
KIngston
82%
Kingstown
82%
Washington D.C.
82%
Castries
77%
Managua
77%
Mexico City
77%
Nassau
77%
Ottawa
77%
Panama CIty
77%
Port-au-Prince
77%
San José
77%
San Salvador
77%
Santo Domingo
77%
Port of Spain
73%
Saint George's
73%
Saint John's
68%
Tegucigalpa
68%
Roseau
59%
No matching quizzes found
Score Distribution
Percent of People with Each Score
Percentile by Number Answered
Your Score History
You have not taken this quiz